| 000 | 00340nam a22001457a 4500 | ||
|---|---|---|---|
| 020 | _a93-86440-78-4 | ||
| 082 |
_a894.812.1 _bKUN/M |
||
| 100 | _aKUNJIRAMAN NAIR. P | ||
| 245 | _aMALAYALATHINTE PRIYA KAVITHAKAL | ||
| 260 |
_aTHRISSUR _bGREEN BOOKS PRIVATE LTD _c2017 |
||
| 300 | _a224 | ||
| 520 | _aPOETRY | ||
| 650 | _aPOETRY | ||
| 942 | _cBK | ||
| 999 |
_c4787 _d4787 |
||